Destinos del Aeropuerto Int. José María Córdova (Medellín) - Estadísticas

Estadísticas generales
  • Esta prueba ha sido intentada 38 veces
    11 desde el último reinicio
  • La puntuación promedio es 25 de 36
Estadísticas de respuestas
Aerolíneas Destino % Correcto
AviancaJetSMART
LATAM Airlines Wingo
Bogotá
100%
Avianca
JetSMART
LATAM Airlines
Cali
100%
Avianca JetSMART Wingo Cartagena de Indias
100%
Wingo Ciudad de Panamá (BLB)
100%
Copa Airlines Ciudad de Panamá (PTY)
100%
JetSMARTLATAM Airlines Lima
100%
Air EuropaAvianca Madrid
100%
American Airlines Avianca Miami
100%
Avianca JetSMART Wingo Santa Marta
100%
JetSMART Santiago de Chile
100%
AviancaJetSMART
LATAM Airlines Wingo
Barranquilla
88%
Avianca Buenos Aires
88%
AeroméxicoAvianca Ciudad de México
88%
Avianca Riohacha
88%
Avianca
JetSMART
LATAM Airlines
San Andrés
88%
ArajetWingo Santo Domingo
88%
Avianca Bucaramanga
75%
Avianca JetSMART Cúcuta
75%
Avianca Nueva York
75%
AviancaLATAM Airlines Pereira
75%
Avianca Quito
75%
AviancaJetBlue Airways
Spirit Airlines
Fort Lauderdale
63%
United Airlines Houston
63%
ArajetAvianca JetSMART
Wingo
Punta Cana
63%
Avianca Armenia
50%
AviancaWingo Cancún
50%
Wingo Caracas
50%
Avianca San Salvador
50%
Avianca Guayaquil
38%
AviancaJetSMART
LATAM Airlines
Montería
38%
AviancaSpirit Airlines Orlando
38%
AviancaWingo San José (CR)
38%
AviancaJetBlue Airways San Juan (PR)
25%
Air Transat Toronto
25%
Wingo Oranjestad
13%
Wingo Willemstad
13%
No se encontraron pruebas coincidentes
Distribución de puntuación
Porcentaje de gente con cada puntuación
Porcentaje por número respondido
Historial de tus puntuaciones
No has intentado esta prueba desde el último reinicio